000
00389nam a22001697a 4500
003
MPLRDC
005
20220104114622.0
008
210129b ||||| |||| 00| 0 eng d
082
_a
857.62 WZL v.4
100
_a
吴中龙
245
_a
亡命旗兵
_c
250
_a
初版
260
_a
_b
环球出版社
_c
1990
300
_b
平
650
_a
推理小说
942
_c
BK
_o
857.62 WZL v.4
999
_c
8885
_d
8875